LDR 00548naa#a2200157#i#450# 001 EN\INFRA-M\bibl\122474 005 20260516074212.6 011 ## _a1998-0744 100 ## _a20260429b2026####ek#y0engy0150####ca 102 ## _aRU 200 1# _aProcedure for holding school Olympiads _eJournal article 210 1# _aMoscow _cINFRA-M Academic Publishing LLC. _d2026 215 ## _a5 с. 608 ## _aJournal article _2local 675 ## _aНародное образование. Воспитание. Обучение. Организация досуга. 37 _z 856 4# _anaukaru.ru _u